000 01112cab a2200229 4500
001 ABS54199
008 090401t1995 xxu||||| |||| 00| 0 eng d
035 _a(Sirsi) u8980
041 _aeng
245 _aParkside Clubs (Nottingham) Ltd v Armgrade Ltd
260 _c1995
350 _a0
490 _aEstates Gazette
_v(1995) 48 EG 104-106(3)
520 _aCA 27 June 1995. By a lease dated 19 December 1988, the respondents, Armgrade Ltd, as landlords, let to the appellant, Parkside Clubs (Nottingham) Ltd, as tenant, a casino and licensed restaurant. Deciding whether necessary licences have been granted to tenant under hypothetical letting. Examined meaning of `the tenant`. The tenant appealed. Appeal allowed on the true construction of paragraph 3(A)(v) of the third schedule to the lease, the reference to `the Tenant` is a reference only to the actual tenant under the lease.
650 _aCASINO
650 _aCONSTRUCTION OF CLAUSE
650 _aHYPOTHETICAL TENANTS
650 _aRENT REVIEWS
690 _aLANDLORD AND TENANT-CASE LAW-RENT REVIEWS
942 _n0
948 _c04/03/1997
999 _c5565
_d5565